Great books. Vol 34
Sparad:
| Huvudupphovsman: | |
|---|---|
| Materialtyp: | Bok |
| Språk: | Undetermined |
| Publicerad: |
Chicago
Encyclopedia Brtiannica, Inc
1996
|
| Ämnen: | |
| Taggar: |
Lägg till en tagg
Inga taggar, Lägg till första taggen!
|
| Thư viện lưu trữ: | Trung tâm Học liệu Trường Đại học Cần Thơ |
|---|
| LEADER | 00498nam a2200181Ia 4500 | ||
|---|---|---|---|
| 001 | CTU_75397 | ||
| 008 | 210402s9999 xx 000 0 und d | ||
| 082 | |a 030 | ||
| 082 | |b M149/Vol.34 | ||
| 100 | |a Mchenry, Robert | ||
| 245 | 0 | |a Great books. Vol 34 | |
| 245 | 0 | |c Robert Mchenry | |
| 260 | |a Chicago | ||
| 260 | |b Encyclopedia Brtiannica, Inc | ||
| 260 | |c 1996 | ||
| 650 | |a Encyclopedia and dictionaries | ||
| 904 | |i Mai Loan,Hải | ||
| 980 | |a Trung tâm Học liệu Trường Đại học Cần Thơ | ||